[Event "Wch U14 Girls"]
[Site "Maribor"]
[Date "2012.11.17"]
[Round "10.57"]
[White "Chepelnikova, Maria"]
[Black "Sturm, Zala"]
[Result "1-0"]
[WhiteElo "1606"]
[BlackElo "1436"]
[PlyCount "57"]
[EventDate "2012.11.08"]
[EventType "swiss"]
[EventRounds "11"]
[EventCountry "SLO"]
[SourceTitle "EXT 2013"]
[Source "ChessBase"]
[SourceDate "2012.11.22"]
[SourceVersion "1"]
[SourceVersionDate "2012.11.22"]
[SourceQuality "1"]

1. e4 e5 2. Nf3 Nc6 3. Bb5 a6 4. Ba4 Nf6 5. 0-0 Be7 6. Re1 b5 7. Bb3 d6 8. c3 0-0 9. h3 Nb8 10. d4 Nbd7 11. d5 Bb7 12. Nbd2 Re8 13. Nf1 Bf8 14. g4 g6 15. Ng3 Bg7 16. g5 Nh5 17. Nxh5 gxh5 18. Nh4 f6 19. Qxh5 fxg5 20. Bxg5 Bf6 21. Bh6 Qe7 22. Nf5 Qf7 23. Bd1 Qg6+ 24. Kh2 Kh8 25. Rg1 Qxh5 26. Bxh5 Rg8 27. Bf7 Rxg1 28. Rxg1 a5 29. Ng7 1-0

[Event "Wch U14 Girls"]
[Site "Maribor"]
[Date "2012.11.15"]
[Round "8.55"]
[White "Chepelnikova, Maria"]
[Black "Kerciku, Suzana"]
[Result "1/2-1/2"]
[WhiteElo "1606"]
[BlackElo "1514"]
[PlyCount "126"]
[EventDate "2012.11.08"]
[EventType "swiss"]
[EventRounds "11"]
[EventCountry "SLO"]
[SourceTitle "EXT 2013"]
[Source "ChessBase"]
[SourceDate "2012.11.22"]
[SourceVersion "1"]
[SourceVersionDate "2012.11.22"]
[SourceQuality "1"]

1. e4 c5 2. Nf3 e6 3. d4 cxd4 4. Nxd4 a6 5. Bd3 Nc6 6. Nf3 Qc7 7. 0-0 Nf6 8. c4 Be7 9. b3 0-0 10. Bb2 d6 11. Nc3 b6 12. Qe2 Bb7 13. Rad1 Rfd8 14. Rfe1 Rac8 15. Ng5 h6 16. Nh3 Ne5 17. Bb1 Neg4 18. f3 Qc5+ 19. Kh1 Ne5 20. Na4 Qc7 21. f4 Ng6 22. Bd4 Nd7 23. Qf2 Nc5 24. Nxc5 dxc5 25. Bc3 Rxd1 26. Rxd1 Rd8 27. Rf1 Bf8 28. f5 exf5 29. exf5 Ne7 30. Nf4 Nc6 31. Nd5 Qd6 32. f6 g6 33. Bxg6 Ne5 34. Ne7+ Bxe7 35. Bxe5 Qxe5 36. fxe7 Qxe7 37. Bxf7+ Kh8 38. Qb2+ Rd4 39. Qc2 Be4 40. Qe2 Qg5 41. Bh5 Bg6 42. Bxg6 Qxg6 43. h3 Qe4 44. Qxe4 Rxe4 45. Rf6 Re2 46. a4 b5 47. Rxh6+ Kg7 48. Rxa6 bxa4 49. bxa4 Rc2 50. Rc6 Rxc4 51. a5 Rc2 52. a6 c4 53. a7 Ra2 54. Rxc4 Rxa7 55. g4 Ra2 56. h4 Rf2 57. Rc7+ Kf6 58. Rc6+ Kg7 59. h5 Kf7 60. h6 Rf4 61. h7 Kg7 62. Rh6 Kh8 63. g5 Rg4 1/2-1/2

[Event "Wch U14 Girls"]
[Site "Maribor"]
[Date "2012.11.11"]
[Round "4.37"]
[White "Chepelnikova, Maria"]
[Black "Tribushna, Hanna"]
[Result "1-0"]
[WhiteElo "1606"]
[BlackElo "1779"]
[PlyCount "113"]
[EventDate "2012.11.08"]
[EventType "swiss"]
[EventRounds "11"]
[EventCountry "SLO"]
[SourceTitle "EXT 2013"]
[Source "ChessBase"]
[SourceDate "2012.11.22"]
[SourceVersion "1"]
[SourceVersionDate "2012.11.22"]
[SourceQuality "1"]

1. e4 c6 2. d4 d5 3. e5 Bf5 4. Nf3 h6 5. Be2 e6 6. 0-0 c5 7. c4 cxd4 8. Nxd4 Bxb1 9. Rxb1 Nc6 10. Qa4 Qd7 11. cxd5 exd5 12. Nxc6 bxc6 13. Bg4 Qb7 14. e6 Nf6 15. exf7+ Kxf7 16. Qf4 Qb4 17. Qc7+ Be7 18. Bh3 Qd6 19. Bf4 Qxc7 20. Bxc7 g5 21. Bf5 Bd8 22. Bd6 Be7 23. Bxe7 Kxe7 24. Rfe1+ Kf7 25. Rbc1 Rhe8 26. Rxe8 Rxe8 27. Kf1 Re5 28. Bc8 Ne4 29. f3 Nd2+ 30. Kf2 Nc4 31. b3 Re8 32. Bd7 Rd8 33. Bxc6 Ne5 34. Bb5 Kf6 35. Rc7 a5 36. Ra7 d4 37. Ke2 Rd5 38. Ra6+ Kg7 39. Ra7+ Kf6 40. Rxa5 d3+ 41. Kd2 Kf5 42. b4 g4 43. fxg4+ Kxg4 44. Bd7+ Rxd7 45. Rxe5 Ra7 46. Ra5 Rd7 47. Ra3 Rd4 48. Rxd3 Rxb4 49. Kc3 Rb1 50. Rg3+ Kf5 51. Kc2 Rh1 52. Rh3 Kg5 53. Kb2 h5 54. a4 h4 55. a5 Rg1 56. g3 hxg3 57. Rxg3+ 1-0

[Event "EU-ch U14 Girls"]
[Site "Prague"]
[Date "2012.08.25"]
[Round "9"]
[White "Kyrkjebo, Hannah Bakken"]
[Black "Chepelnikova, Maria"]
[Result "0-1"]
[WhiteElo "1546"]
[BlackElo "1655"]
[PlyCount "84"]
[EventDate "2012.08.17"]
[EventType "swiss"]
[EventRounds "9"]
[EventCountry "CZE"]
[SourceTitle "CBM 150 Extra"]
[Source "ChessBase"]
[SourceDate "2012.10.19"]
[SourceVersion "1"]
[SourceVersionDate "2012.10.19"]
[SourceQuality "1"]

1. e4 c5 2. Nc3 Nc6 3. f4 g6 4. Nf3 Bg7 5. Bb5 a6 6. Bxc6 dxc6 7. 0-0 Nf6 8. d3 0-0 9. Be3 b6 10. Qe1 Qc7 11. Qh4 Rd8 12. h3 Ne8 13. Nh2 Nd6 14. Ng4 Bxg4 15. hxg4 f6 16. Rf3 Kf7 17. f5 Rh8 18. Rh3 c4 19. Kf2 cxd3 20. cxd3 Rag8 21. Rah1 Ke8 22. Qg3 gxf5 23. exf5 Qd7 24. Rxh7 Rxh7 25. Rxh7 Bf8 26. Qf3 b5 27. Ne4 Nxe4+ 28. Qxe4 Qd6 29. Qf3 Kd7 30. Qe2 Qd5 31. b4 Qe5 32. Qf3 Qb2+ 33. Qe2 Qxb4 34. Bd2 Qxg4 35. Qe6+ Kc7 36. Ba5+ Kb8 37. Qd7 Qxg2+ 38. Ke3 Rg3+ 39. Kd4 Qf2+ 40. Kc3 Qe1+ 41. Kd4 e5+ 42. fxe6 Qe5# 0-1

[Event "EU-ch U14 Girls"]
[Site "Prague"]
[Date "2012.08.18"]
[Round "2"]
[White "Chepelnikova, Maria"]
[Black "Ajanovic, Berina"]
[Result "1/2-1/2"]
[WhiteElo "1655"]
[BlackElo "1393"]
[PlyCount "106"]
[EventDate "2012.08.17"]
[EventType "swiss"]
[EventRounds "9"]
[EventCountry "CZE"]
[SourceTitle "CBM 150 Extra"]
[Source "ChessBase"]
[SourceDate "2012.10.19"]
[SourceVersion "1"]
[SourceVersionDate "2012.10.19"]
[SourceQuality "1"]

1. e4 c5 2. Nf3 Nc6 3. d4 cxd4 4. Nxd4 g6 5. Nc3 Bg7 6. Be3 Nf6 7. Bc4 Qa5 8. f3 Qb4 9. Bb3 Nxe4 10. Nxc6 Bxc3+ 11. bxc3 Qxc3+ 12. Ke2 dxc6 13. Bd4 e5 14. Bxc3 Nxc3+ 15. Kf2 Nxd1+ 16. Raxd1 Ke7 17. Rhe1 Kf6 18. Rd6+ Ke7 19. Rd4 Kf6 20. Rde4 Re8 21. f4 Bf5 22. fxe5+ Kg7 23. Rb4 b6 24. Rd4 Rad8 25. Rd6 Rxd6 26. exd6 Rxe1 27. Kxe1 Kf8 28. Ba4 b5 29. Bb3 Ke8 30. c4 Be6 31. c5 Bf5 32. Kd2 a5 33. a3 a4 34. Ba2 Kd7 35. Bxf7 Kd8 36. h3 g5 37. g4 Be4 38. Ke3 Bg2 39. Kf2 Bxh3 40. Kg3 Bf1 41. Kf3 Bd3 42. Ke3 Bc2 43. Be6 h6 44. Kd4 Bd1 45. Ke5 Bb3 46. Bf5 b4 47. axb4 a3 48. Bb1 a2 49. Bxa2 Bxa2 50. Kf6 Bd5 51. Kg6 Bf3 52. Kxh6 Bxg4 53. Kxg5 Be2 1/2-1/2